000 00508nam a2200181Ia 4500
005 20250326124936.0
008 250326s9999 xx 000 0 und d
037 _aTextbook
040 _aFMSL
_beng
_cFMSL
041 _aeng
_2eng
084 _aX:8F L34
_qFMSL
100 _aCarey J L
_9738248
245 0 _aGetting acquainted with accounting
_cCarey J L
260 _aNew Jersey
_bNew Jersey, Houghton Mifflin
_c1973
300 _a156p
942 _cTB
_hX:8F L34
999 _c1275859
_d1275859